000
00243nam a22000857a 4500
008
160706b xxu||||| |||| 00| 0 eng d
100
_9
2329
_a
Bhattacherjee, S
245
_a
Remembering: Our Leaders
260
_a
New Delhi
_b
National Book Trust
_c
1989
999
_c
2007
_d
2007